Alex G Songs- Sudden Death - Statistics

General Stats
  • This quiz has been taken 95 times
  • The average score is 13 of 25
Answers on the Grid
Answers color-coded by a green-red scale on the quiz's grid according to % correct below.
Race
ZUICIDE
Until I Found You Again
Niagra
Things to do
Fang
Natalie
Doubtful
Mis
Water
Nintendo 64
Chance
Southern Sky
M.I.A.
Hope
Mindless
I Love U
Mary
Sarah
Know
Forever
Gnaw
Crab
Advice
TV
Black Hair
Skin Cells
Harvey
Kids
Imagination
California
Tract
I Wait For U
Yellow
A Message To You Rudy
QWERTY
No Name
Jennifer
Treehouse
fay
sloth
Grow Up
No Giggles
Sometimes
16 Mirrors
Lengthwise
Axesteel
Girly
Anna
Tripper
 
Answer Stats
Answer % Correct
Race
98%
Things to do
83%
Mis
74%
Nintendo 64
72%
Sarah
72%
16 Mirrors
69%
Mary
69%
Gnaw
67%
Treehouse
65%
Harvey
63%
I Wait For U
63%
TV
61%
Forever
54%
Advice
52%
Crab
50%
Black Hair
46%
Sometimes
43%
Hope
37%
Southern Sky
37%
Axesteel
26%
ZUICIDE
26%
Tripper
24%
Water
22%
fay
19%
sloth
11%
No matching quizzes found
Score Distribution
Percent of People with Each Score
Percentile by Number Answered
Your Score History
You have not taken this quiz